000
00309nam a2200121Ia 4500
008
220216s9999 xx 000 0 und d
100
_a
Joseph K.M.
245
0
_a
Note on rubber planting material
260
_b
Rubber Board Bulletin
_c
1961-62
300
_a
137-145
650
_a
Planting material
942
_c
BS
999
_c
49162
_d
49162